| 000 | 00762nam a22002177a 4500 | ||
|---|---|---|---|
| 005 | 20251108172853.0 | ||
| 008 | 250721s2004 xx 000 0 ara d | ||
| 082 | 1 | 4 | _a327.73056/سبا |
| 100 | 1 | _aالسباتين، يوسف أحمد | |
| 245 | 1 | 0 | _aالإستراتيجية الأمريكية - للهيمنة على الأمة لتحطيم عقيدتها و نهب ثرواتها / |
| 264 | 1 |
_aإربد : _bعالم الكتب الحديث، _c2004. |
|
| 300 | _a90 ص. | ||
| 650 | 1 | 7 | _aالسياسة الدولية |
| 650 | 1 | 7 | _aالعلاقات الدولية |
| 650 | 1 | 7 | _aالبلدان المتحدة |
| 650 | 1 | 7 | _aالبلدان العربية |
| 650 | 1 | 7 | _aالهيمنة |
| 650 | 1 | 7 | _aالإسلام |
| 942 |
_2ddc _cBK |
||
| 999 |
_c90542 _d90542 |
||